Prínosy a riziká cloud computingu

Identifikovanie a charakteristika hlavných prínosov a tiež hlavné úskalia zavádzania cloud computingových služieb do technologickej architektúry podnikových informačných systémov.

Salvato in:
Dettagli Bibliografici
Autore principale: Jurík, Pavol, 1987-
Natura: Capitolo di libro
Lingua:slovacco
Soggetti:
Tags: Aggiungi Tag
Nessun Tag, puoi essere il primo ad aggiungerne!!

MARC

LEADER 00000nla a2200000 4500
001 0237782
005 20240502073838.7
041 0 |a slo 
044 |a SK 
245 1 0 |a Prínosy a riziká cloud computingu  |c Pavol Jurík 
520 |a Identifikovanie a charakteristika hlavných prínosov a tiež hlavné úskalia zavádzania cloud computingových služieb do technologickej architektúry podnikových informačných systémov. 
610 2 0 |a systémy informačné 
610 2 0 |a systémy informačné organizácií 
610 2 0 |a cloud computing 
610 2 0 |a infraštruktúra informačná 
610 2 0 |a služby informačné 
100 1 |a Jurík, Pavol, 1987-